Environmentálne záťaže a čo s nimi

Na základe predbežných štúdií a odhadov sa na Slovensku nachádza približne tridsať tisíc potenciálnych zdrojov znečistenia. Základným krokom na systémové riešenie tohto problému je prijatie zákona č. 409/2011 Z.z. o niektorých opatreniach na úseku environmentálnej záťaže, s účinnosťou od 1. januára...

Descrizione completa

Salvato in:
Dettagli Bibliografici
Autore principale: Szabó, Sylvia
Natura: Capitolo di libro
Lingua:slovacco
Soggetti:
Tags: Aggiungi Tag
Nessun Tag, puoi essere il primo ad aggiungerne!!

MARC

LEADER 00000naa a2200000 4500
001 0148108
005 20231011123100.6
041 0 |a slo 
044 |a SK 
245 1 0 |a Environmentálne záťaže a čo s nimi  |c Sylvia Szabó 
520 |a Na základe predbežných štúdií a odhadov sa na Slovensku nachádza približne tridsať tisíc potenciálnych zdrojov znečistenia. Základným krokom na systémové riešenie tohto problému je prijatie zákona č. 409/2011 Z.z. o niektorých opatreniach na úseku environmentálnej záťaže, s účinnosťou od 1. januára 2012. Vymedzenie pojmov. Kto nesie následky. Zdedená záťaž. Pokuty. 
610 2 0 |a znečistenie prostredia životného 
610 2 0 |a zákony 
610 2 0 |a pokuty 
610 2 0 |a Slovensko 
100 1 |a Szabó, Sylvia